| 000 | 00370nam a2200145Ia 4500 | ||
|---|---|---|---|
| 008 | 100415s9999 xx 000 0 und d | ||
| 082 |
_b458 _a598.25 |
||
| 100 | _aHoward Len | ||
| 245 | _aBirds as Individuals | ||
| 260 |
_aLONDO _c1953 _bTHE SCIENTIFIC BOOK CLUB |
||
| 365 | _b0 | ||
| 630 | _aBirds as Individuals | ||
| 730 | _aBirds as Individuals | ||
| 942 | _cBOOK | ||
| 999 |
_c583529 _d583526 |
||